000
00286nam a2200121Ia 4500
008
190216s9999||||xx |||||||||||||| ||und||
100
_a
Rakesh Kumar Singh
245
0
_a
Hindi-Joda Hail Ki Roopkatha
260
_b
Bharathiya Jananipid
300
_a
132
650
_a
Hindi
942
_c
BK
999
_c
16210
_d
16210